000 00597nam a2200229Ia 4500
001 41853
005 20240114003440.0
007 ta
008 080514s2006 g b000 u asm u
020 _a81-85905-81-9
040 _aCotton College,Assam
041 _aasm
082 _a891.4141
_bM 294 A
100 _aMalik, Syed Abdul .
245 0 _aAghari Atmar Kahini /
_cSyed Abdul Malik.
_hTextual Documents
250 _aIst ed /
260 _aGuwahati :
_bStudents Stores ,
_c2006.
300 _a161pg ;
_c22cm.
942 _2ddc
_cBK
999 _c41819
_d41819